Statistiques concernant Les Instruments de l'Orchestre

Cliquez ici pour prendre le quiz!

Statistiques générales

  • Ce quiz a été pris 66 fois
  • Le résultat moyen est 12 sur 18

Statistiques - réponses

Answer % Correct
Violon
98%
Flûte
97%
Trompette
94%
Violoncelle
92%
Contrebasse
89%
Clarinette
82%
Hautbois
81%
Cor
77%
Alto
74%
Trombone
73%
Tuba
71%
Harp
68%
Basson
58%
Piccolo
35%
Cor Anglais
29%
Clarinette Basse
27%
Contrebasson
24%
Trombone Basse
16%

Distribution des résultats

Percentile by Number Answered

% des personnes avec chaque résultat

Votre développement - résultats

Vous n’avez pas pris ce quiz